000 00529nmm a2200157Ia 4500
008 251105s9999||||xx |||||||||||||||||und||
020 _a9789561414952
041 _aspa
100 _aLabarca, Claudia
245 0 _aNi hao Mr. Pérez. Buenos días Mr. Li :
_b Chile y China: cultura, negocios y confianza en la Era Global
264 _a[Santiago de Chile, Chile] :
_bEdiciones UC,
_c2015
300 _a278 páginas
650 _aEconomics and Business
856 _uhttps://public.digitaliapublishing.com/a/38265
942 _cCF
999 _c94185
_d94185